000 00431nam a22001817a 4500
003 MPLRDC
005 20220104123645.0
008 210129b ||||| |||| 00| 0 eng d
020 _a7-80510-931-1
082 _a411.3 ZQC
100 _a赵齐川等编著
245 _a防衰膳食
_c
250 _a一版一刷
260 _a
_b学林出版社
_c1994
300 _b
650 _a营养与食品
942 _cBK
_o411.3 ZQC
999 _c13153
_d13143